LEADER 01132nam--2200397---450- 001 990002842710203316 005 20061204152649.0 010 $a0-471-74222-8 035 $a000284271 035 $aUSA01000284271 035 $a(ALEPH)000284271USA01 035 $a000284271 100 $a20061204d2006----km-y0itay50------ba 101 $aeng 102 $aUS 105 $aa---||||001yy 200 1 $aEngineering statistics$fDouglas C. Montgomery, George C. Runger, Norma Faris Hubele 205 $a3. ed. 2006 JustAsk! ed. 210 $aNew York$cJ. Wiley & Sons$dc2006 215 $aXIII, 461 p.$cill.$d27 cm.$e1 CD-ROM 410 0$12001 454 1$12001 461 1$1001-------$12001 606 0 $aIngegneria$xMetodi statistici 676 $a001.422 700 1$aMONTGOMERY,$bDouglas C.$09293 701 1$aRUNGER,$bGeorge C.$0447762 702 1$aHUBELE,$bNorma Faris 801 0$aIT$bsalbc$gISBD 912 $a990002842710203316 951 $aEG/155$b2434$cEG 959 $aBK 969 $aDIMEC 979 $aDIMEC$b90$c20061204$lUSA01$h1526 996 $aEngineering statistics$9993258 997 $aUNISA LEADER 01359nam--2200385---450- 001 990005828950203316 005 20130412115813.0 010 $a978-88-324-8270-6 035 $a000582895 035 $aUSA01000582895 035 $a(ALEPH)000582895USA01 035 $a000582895 100 $a20130412d2013----km-y0itay50------ba 101 0 $aita 102 $aIT 105 $a||||||||001yy 200 1 $aCodice di procedura penale e leggi complementari$egiurisprudenza della corte Costituzionale e della Corte di Cassazione a S.U.$eschemi e tabelle illustrativi della norma in www.diritto24.com/codici2013$eagg.con la L. 6 novembre 2012, n. 190, ...$fa cura di Aurelio Barazzetta e Renato Bricchetti 205 $a17. ed. 210 $aMilano$cIl sole 24 ore$d2013 215 $aXXXVI, 1403 p.$d20 cm 225 2 $a<> codici di Guida al diritto 410 0$12001$a<> codici di Guida al diritto 676 $a345.4505 702 1$aBARAZZETTA,$bAurelio 702 1$aBRICCHETTI,$bRenato 710 01$aITALIA$0423419 801 0$aIT$bsalbc$gISBD 912 $a990005828950203316 951 $aXXVI.2.A. 130$b76567 G.$cXXVI.2.A.$d00291747 959 $aBK 969 $aGIU 979 $aFIORELLA$b90$c20130412$lUSA01$h1156 979 $aFIORELLA$b90$c20130412$lUSA01$h1158 996 $aCodice di procedura penale$9200118 997 $aUNISA